Statistiques concernant Fairy Tail - Les Personnages

Cliquez ici pour prendre le quiz!

Statistiques générales

  • Ce quiz a été pris 8 481 fois
    (4 641 depuis la dernière actualisation)
  • Le résultat moyen est 58 sur 255

Statistiques - réponses

HintRéponse% Correct
Fairy Tail / Démon / Dragon SlayerNatsu Dragnir
99%
Fairy Tail / Avatar / Fairy Tail / Demon slayerGray Fullbuster
94%
Fairy TailLucy Heartfilia
94%
7ème maître de Fairy TailErza Scarlet
92%
Fairy Tail (Exceed)Happy
91%
Cait Shelter / Fairy Tail / Dragon SlayerWendy Marvel
88%
Fairy Tail (Exceed)Carla
85%
Fairy Tail (unité Raijin) / Dragon SlayerLuxus Draer
85%
Phantom Lord (Element 4) / Fairy TailJubia Lockser
83%
Fairy Tail / DémonMirajane Strauss
74%
Fairy Tail (Exceed)Pantherlily
73%
Phantom Lord / Fairy Tail / Dragon SlayerGajeel Redfox
69%
1er maître de Fairy Tail (décédée)Mavis Vermilion
69%
Fairy TailElfman Strauss
68%
Fairy Tail / Esprit céleste du ZodiacLeo
68%
Roi Spriggan / Mage Noir (décédé)Zeleph Dragnir
66%
Fairy TailLisana Strauss
65%
Conseil Magique / Mage Sacré / Crime SorciereJellal Fernandez
64%
Saber Tooth / Dragon SlayerRog
64%
Saber Tooth / Dragon SlayerSting Youclif
64%
Fairy TailReby MacGarden
63%
Blue PegasusEve Tirumu
61%
Esprit céleste du ZodiacAquarius
57%
Fairy Tail (unité Raijin)Evergreen
57%
3e, 6e et 8e maître de Fairy Tail / Mage SacréMakarov Draer
57%
Dragon (décédé)Ignir
56%
Mage de glace (décédéé)Ul Milkovitch
56%
5ème maître de Fairy TailGildarts Clive
54%
Empereur Zero / Lamia ScaleLyon Bastia
52%
4ème maître de Fairy TailMacao Conbolt
52%
Grimoire Heart (frère du purgatoire) / Crime SorciereUltear Milkotitch
51%
Saber Tooth / Tartaros / Saber ToothMinerva Orlando
50%
Esprit céleste du ZodiacTaurus
50%
Fairy TailKanna Alperona
49%
Oracion Seis / Crime Sorciere / Dragon SlayerErik
48%
Esprit céleste du ZodiacVirgo
48%
Fairy TailRomeo Conbolt
46%
Saber Tooth (Exceed)Frosch
44%
Esprit céleste du ZodiacGemini
44%
2e maître de Fairy Tail / Maître de Grimoire Heart (décédé)Precht Gaebolg
44%
Esprit céleste du ZodiacScorpio
44%
Esprit céleste du ZodiacAries
43%
Fairy Tail( unité Raijin)Fried Justin
42%
Fairy Tail (Edolas)Mystogan
42%
Dragon (décédé)Acnologia
41%
Esprit céleste du ZodiacCancer
41%
Lamia Scale / Mage sacré / Conseil MagiqueJura Neki
41%
Fairy Tail (unité Raijin)Bixlow
40%
Mermaid HeelKagura Mikazushi
40%
Fairy TailJet
39%
Oracion Seis / Crime SorciereSorano Agria
39%
Saber ToothYukino Agria
39%
Lamia ScaleCherry Brendy
38%
Dragon (décédée)Grandine
38%
Esprit céleste du Zodiac / Grimoire Heart (frere du purgatoire)Capricorn
37%
Fairy TailDroy
37%
Blue PegasusIchiya Vandalei Kotobuki
36%
Esprit céleste du ZodiacLibra
36%
Fairy TailWakaba Mine
36%
Oracion Seis / Crime SorciereMacBeth
35%
Dragon (décédé)Metalicana
35%
Esprit céleste du ZodiacPisces
34%
Esprit céleste du ZodiacSagittarius
34%
Fairy TailBiska Connel
33%
Maître d'Oracion Seis (décédé)Brain
33%
Mermaid Heel / Tour du ParadisMiliana
33%
Tour du paradis (décédé)Simon Mikazuchi
33%
ExceedMar
32%
Saber Tooth (Exceed)Lector
31%
Grimoire Heart (frère du purgatoire) / Crime SorciereMeldy
31%
Lamia Scale / God SlayerSheria Brendy
30%
Maître de Blue PegasusBob
29%
Fairy TailMax Alose
29%
Spriggan Twelve (décédé)August
28%
Spriggan TwelveBrandish Myuh
27%
Blue PegasusHibiki Leithis
26%
Spriggan Twelve (Dragon) (décédée)Irene belserion
26%
PrincesseJade E. Fiore
26%
Phantom LordJose
26%
Esprit célestePlue
26%
Maître de Raven TailIvan Draer
25%
Fairy Tail /Conseil MagiqueMest
25%
Blue PegasusRen Akatsuki
25%
Fairy Tail (Fondateur) (décédé)Yuri Draer
25%
Love & Lucky (décédée)Layla Hearfilia
24%
Saber ToothRufus Roy
24%
Fairy TailKinana
23%
Phantom Lord (Element 4)Sol
23%
Fairy TailArzak Connel
22%
Quattro CerberosBacchus Groh
22%
Raven TailFlare Corona
22%
Spriggan Twelve / Dragon Slayer / 1er Roi d'Ishgar (décédé)God Serena
22%
Blue PegasusJenny Rearlight
22%
Saber Tooth / God SlayerOrga Nanadia
22%
Oracion Seis / Crime SorciereSawyer
22%
Porte démoniaque de Tartaros / Demon Slayer (décédé)Silver
22%
Ancêtre HeartfiliaAnna Heartflia
21%
Esprit célesteHorologium
21%
Love & Lucky (décédé)Jude Hearfilia
21%
Fairy TailWarren Rocko
21%
Spriggan TwelveDimaria Lesta
20%
Blue Pegasus (Décédée)Karen
20%
Cousine d'une blonde Michelle Lobster
20%
Fairy TailNab Lasaro
20%
Oracion Seis / Crime SorciereRichard Buchanan
20%
Phantom Lord (Element 4)Alya
19%
ExceedLucky
19%
Fairy TailLucky Olietta
19%
Lamia ScaleToby Ololta
18%
Phantom Lord (Element 4)Totomaru
18%
Fairy Tail (Fondateur) / 4ème roi d'IshgarWorlod Seaken
18%
Fairy TailAsuka Connel
17%
Grimoire Heart (frère du purgatoire) (décédé)Azuma
17%
Démon (décédé)Deliora
17%
Maître de Tartaros / Démon / Maître des enfers (décédé)Mald Gear
17%
Esprit célesteRoi des esprits
17%
Red Lizard (décédé)Zera
17%
Porte démoniaque de Tartaros (décédé)Jackal
16%
Porte démoniaque de Tartaros (décédée)Kyoka
16%
Esprit célesteLyra
16%
Fairy Tail (décédé)Rob
16%
Eisen WaldEligoal
15%
Fairy TailVegeta
15%
Spriggan TwelveAjeel Lamur
14%
Spriggan TwelveInvel Yura
14%
Fairy TailReedus Jonah
14%
Tour du paradisSho
14%
Spriggan Twelve (décédé)Wall Eehto
14%
Lamia ScaleYuka Suzuki
14%
Grimoire Heart (frère du purgatoire) / God Slayer (décédé)Zancrow
14%
Dragon (décédé)Atlas Flame
13%
Mermaid HeelBeth Vanderhood
13%
ExceedNichiya
13%
Porte démoniaque de Tartaros (décédée)Seila
13%
Esprit célesteCrux
12%
Saber Tooth / Démon Jienma Orlando
12%
AvatarMary
12%
Fairy TailPolyussica
12%
Grimoire Heart (frère du purgatoire)Rustyrose
12%
Grimoire HeartBluenote Stinger
11%
Spriggan TwelveJacob Lassio
11%
Eisen WaldKageyama
11%
ExceedSamuel
11%
EdolasSugarboy
11%
Porte démoniaque de Tartaros (décédé)Tempester
11%
Dragon (décédé)Baislogia
10%
Spriggan Twelve / DémonBlood Man
10%
JournalisteJason
10%
Grimoire Heart (frère du purgatoire) (décédé)Kain
10%
Maître de Lamia ScaleOhba Baba
10%
Mermaid HeelRisley Law
10%
Conseil MagiqueYajima
10%
Porte démoniaque de Tartaros (décédé)Ezer
9%
Assassins Skulls (décédée)Ikaruga
9%
Porte démoniaque de Tartaros (décédé)Keith
9%
Conseil Magique (décédé)Lahar
9%
Spriggan TwelveLarcade Dragnir
9%
Démon (décédé)Lullaby
9%
Fairy Tail (décédée)Rita Draer
9%
Quattro CerberosRocker
9%
Tour du paradisWally buchanan
9%
Grimoire Heart (frère du purgatoire) (décédé)Zoldio
9%
Capitaine de la GardeArcadios
8%
Titan NoseBora de Prominens
8%
ExceedChagot
8%
ZentopiaDan
8%
EdolasFaust
8%
Naked MummyGato
8%
AvatarJerome
8%
Dragon (décédé)Jilkonis
8%
Raven TailKurohebi
8%
Raven TailNalpuding
8%
Assassins SkullsOwl
8%
Dragon (décédé)Skiadram
8%
Quattro CerberosWarcry
8%
Naked MummyZato
8%
Mermaid HeelAlanya Web
7%
EdolasByro
7%
Contrôle des dragons bioniquesDaphné
7%
Saber ToothDobengal
7%
Day BreakEverlue
7%
Porte démoniaque de Tartaros (décédé)Franmars
7%
Fairy Tail / Maître de Quattro CerberosGolmine
7%
EdolasHughes
7%
Nouvelle Oracion SeisImitatia
7%
Quattro CerberosJager
7%
Grimoire HeartKawazu
7%
Tartaros / Démon (décédé)Lamy
7%
Spriggan TwelveNeinhart
7%
Raven TailOhbra
7%
Esprit céleste "du Zodiac"Ophiucus
7%
Esprit célestePyxis
7%
Phantom LordSue
7%
RoiToma E. fiore
7%
Porte démoniaque de Tartaros (décédé)Trafzer
7%
Assassins SkullsVidaldus
7%
Grimoire HeartYomazu
7%
AvatarAbel
6%
AvatarArlock
6%
Maître de Twilight ogreBanaboster
6%
Phantom LordBoze
6%
AvatarBraiya
6%
Esprit célesteCaelum
6%
Chevaliers GarouCosmos
6%
Oracion SeisCuberios
6%
AvatarD-6
6%
2ème roi D'IshgarDraculos Hyberion
6%
Saber Tooth (décédé)Fingers
6%
AvatarGomon
6%
Sylph LabyrinthHammer Lala
6%
Fairy Tail / Quattro CerberosJoy Fullbone
6%
Oracion SeisKurodoa
6%
Maître de Cait ShelterLawbawl
6%
DémonLulu
6%
Dragon (décédé)Mother Grea
6%
ExceedNady
6%
Quattro CerberosNobarly
6%
Quattro CerberosSemus
6%
Conseil Magique (décédée)Belno
5%
Eisen WaldBillard
5%
DémonBobo
5%
Conseil Magique / Tartaros (décédé)Crowford
5%
Succubus Eye (décédé)Drierte
5%
Twilight ogreGinger
5%
Conseil Magique (décédé)Gran Doma
5%
Maître de Red Lizard (décédé)Jiself
5%
Chevaliers GarouKama
5%
Chevaliers GarouKamika
5%
Eisen WaldKarakka
5%
Armée SprigganKarim
5%
ZentopiaLapointe
5%
Armée SprigganMartin
5%
Conseil MagiqueMichelo
5%
Conseil Magique (décédé)Ork
5%
Eisen WaldRayure
5%
Dragon (décédé)Rivaia
5%
Dragon (décédé)Scissor Runner
5%
Sylph LabyrinthSniper Drake
5%
Sylph LabyrinthSword Hiroshi
5%
Twilight ogreThibo
5%
Chevaliers GarouUosuke
5%
3ème roi d'IshgarWolfheim
5%
Premier Ministre d'AlbarethYazir Lamur
5%
Armée SprigganBakyll
4%
Dwarf GearBerick
4%
Ministre de la MagieDerton
4%
ZentopiaFabrizio
4%
ZentopiaGatman
4%
ZentopiaKanaloa
4%
ZentopiaKatja
4%
Dullahan HeadKriserk
4%
DémonMoka
4%
Chevaliers GarouNeppa
4%
Conseil Magique (décédé)Reiji
4%
Tartaros / Démon (décédé)Yakudriga
4%

Distribution des résultats

Percentile par nombre de réponses

% des personnes avec chaque résultat

Votre développement - résultats

Vous n’avez pas pris ce quiz depuis la dernière actualisation